One of Two: Academy Award Edition Quiz Stats

Quiz Updated Mar 5, 2018

Challenge
Share
Tweet
Embed
Score 0/30 Timer 07:00
7 Plays Today
Can you name... Answers % Correct
One of the two films for which Tom Hanks won a Best Actor Oscar?Philadelphia & Forrest Gump
95.1%
One of the two networks that has aired the Oscar ceremony on American television?ABC & NBC
94%
One of the two Best Picture winners containing the word 'American'An American in Paris & American Beauty
85.1%
One of the two people who have hosted the Academy Awards more than five times?Bob Hope and Billy Crystal
84.6%
One of the two women who have solo hosted an Oscar ceremony?Whoopi Goldberg & Ellen Degeneres
82%
One of the two men nominated for Best Actor for portraying Abraham Lincoln?Raymond Massey & Daniel Day-Lewis
79.7%
One of the two women nominated for Best Actress this century for playing a Queen of England?Helen Mirren & Cate Blanchett
78.5%
One of the two 20th C. films to receive 14 Academy Award nominations?All About Eve & Titanic
75.2%
One of the two films for which Clint Eastwood won a Best Director Oscar?Unforgiven & Million Dollar Baby
75.1%
One of the two films for which Steven Spielberg won a Best Director Oscar?Schindler's List & Saving Private Ryan
71.4%
One of the two African Americans who won an acting award before 1980?Hattie McDaniel & Sidney Poitier
67.8%
One of the two Pixar feature films to be nominated but not win for Best Animated Film?Monsters, Inc. & Cars
67.7%
One of the two actors to win consecutive Best Actor awards?Spencer Tracy & Tom Hanks
65.8%
One of the two films for which Denzel Washington won an Oscar?Glory & Training Day
64.6%
One of the two films for which Meryl Streep won an acting Oscar in the 20th Century?Kramer vs. Kramer & Sophie's Choice
59.4%
Can you name... Answers % Correct
One of the two Actresses to win consecutive Best Actress awards?Luise Rainer & Katharine Hepburn
55.9%
One of the two Best Supporting Actress winners under the age of 12?Tatum O'Neal & Anna Paquin
51.5%
One of the two directors to win when over the age of 69?Roman Polanski & Clint Eastwood
51.3%
One of the two non-Steven Spielberg films that John Williams won an Oscar for?Fiddler on the Roof & Star Wars
51.2%
One of the two people who have 50 or more Oscar nominations?Walt Disney & John Williams
51.1%
One of the two films for which Sally Field won an Oscar?Norma Rae & Places in the Heart
39.6%
One of the two films to win all of the 'Big 5' awards since WWII?One Flew Over the Cuckoo's Nest & The Silence of the Lambs
38.3%
One of the two actors to win Best Supporting Actor when over the age of 80?George Burns & Christopher Plummer
33.5%
One of the two films in which Bing Crosby was nominated for playing Father O'Malley?Going My Way & The Bells of St. Mary's
27.7%
One of the two American men to win for Best Director and Best Original Screenplay in the same year?Billy Wilder & Woody Allen
27.3%
One of the two actresses to have been nominated for a Best Actress Oscar five consecutive years?Bette Davis & Greer Garson
24%
One of the two American directors to win consecutive Best Director awards?John Ford & Joseph L. Mankiewicz
22.2%
One of the two films to earn 11 nominations but win no Oscars?The Turning Point & The Color Purple
18.8%
One of the two films to win three of the four major acting awards?A Streetcar Named Desire & Network
14.5%
One of the two African Americans to win an Oscar for Best Score or Best Song Score?Prince & Herbie Hancock
5.5%

You're not logged in!

Compare scores with friends on all Sporcle quizzes.
Join for Free
OR
Log In

You Might Also Like...

Show Comments

Extras

Top Quizzes Today


Score Distribution

Your Account Isn't Verified!

In order to create a playlist on Sporcle, you need to verify the email address you used during registration. Go to your Sporcle Settings to finish the process.

Report this User

Report this user for behavior that violates our Community Guidelines.

Details: